00581nam a22001697a 450000500170000001000150001702000280003203500130006003700130007308200080008610000150009424501500010926000390025927000640029830000310036270000180039320160920170327.0 aENG-116047 a139789352603220c295.00 aEN-99579 bDBAD/PUB a480 aGyan Singh aEnglish language & pedagogy :bsubject wise magical series based on the latest pattern of CTET/TET examinations /cby Gyan singh [and] Om Prakash aNoidabMcGraw Hill Educationc2017 aB-4, Sector-63, Dist. Gautam Budh Nagar bNoida(up)e201301 aVarious pagingsc24cm(pbk) d aOm Prakash